00534nam a22001817a 450000500170000001000150001702000260003203500140005803700090007208200140008124500810009525000060017626000380018227000570022030000260027770000220030370000270032520250310171536.0 aENG-144073 a9789390095261c995.00 aEN-127605 bDBAD a954.0221 aBattle Ready for the 21st Century/cEdited by A.K Singh [and] Narender Kumar a1 aNew Delhi bPentagon Press c2021 a206, Peacock Lane, Shahpur Jat, bNew Delhi e110049 axii,284p. c24cm(Hb)  aA.K SingheEditor aNarender KumareEditor